| 000 | 00831nam a22002297a 4500 | ||
|---|---|---|---|
| 999 |
_c12108 _d12108 |
||
| 003 | AR-CdUCM | ||
| 008 | 190405b ||||| |||| 00| 0 spa d | ||
| 040 |
_aMUNICIPALIDAD PROVINCIAL DEL CUSCO _cBIBLIOTECA MUNICIPAL DEL CUSCO |
||
| 082 |
_a275.485 / _bM77 / 1929 |
||
| 100 |
_aChavez Aguilar, Montoya _929791 |
||
| 245 | _aCanciones escolares peruanas / | ||
| 260 |
_aLima : _bScheuch, _c1929. |
||
| 300 |
_a37 páginas : _c21 cm. |
||
| 500 | _aMandadas a publicar por el Gobierno del Perú serie II para los alumnos del tercero, cuarto y quinto año de la enseñanza común elemental. | ||
| 505 | _aContenido : Música -- Letras ... | ||
| 650 |
_aCanciones _914568 |
||
| 650 |
_aEscolares _929792 |
||
| 650 |
_aPeruanas _928844 |
||
| 710 |
_aGobierno del Perú _926995 |
||
| 942 |
_2ddc _cLIBROS |
||
| 945 |
_arah _d05/04/2019 |
||